| 000 | 00391nam a22001337a 4500 | ||
|---|---|---|---|
| 003 | NUST | ||
| 005 | 20221007094055.0 | ||
| 082 | _a823.912, QAY | ||
| 100 |
_aQayoom, Maj Gen (R) Main Abdul _999432 |
||
| 245 |
_aBelated Swan Song: _bA Military Biography / _cMaj Gen (R) Main Abdul Qayoom, HI (M) |
||
| 260 |
_aPakistan _bCreative Plus Pub _c2022 |
||
| 300 | _a284: pages | ||
| 942 |
_2ddc _cBK |
||
| 999 |
_c591560 _d591560 |
||